| 000 | 00909nam1a22002171i 4500 | ||
|---|---|---|---|
| 001 | rc\2642530 | ||
| 005 | 20240726014008.0 | ||
| 035 | _a(NLR Aleph) 006950388 | ||
| 090 |
_a5241375 _c5241375 |
||
| 100 | _a20110606d1927 |||y0rusy50 ca | ||
| 101 | 0 | _arus | |
| 102 | _aRU | ||
| 105 | _a z ||||| | ||
| 200 | 1 |
_aГосударственная племенная книга красного немецкого скота _fР.С.Ф.С.Р. Нар. ком. зем. Сев.-Кавказ. краев. зем. упр. |
|
| 210 |
_aРостов на Дону _cБ. и. _d1927 _eНовочер[касск] _gтип. Знание |
||
| 215 | _d23х13 см | ||
| 500 | 0 | 0 | _aГосударственная племенная книга крупного рогатого скота красной степной породы |
| 801 | 0 |
_aRU _bNLR _gpsbo |
|
| 801 | 1 |
_aRU _bELAR _2rusmarc |
|
| 852 |
_aNLR _j32-19/708(1) |
||
| 942 | _cBOOK | ||